000 00644nam a2200241Ia 4500
003 OSt
005 20220918230851.0
006 a|||||r|||| 00| 0
007 ta
008 220917b |||||||| |||| 00| 0 eng d
024 _a261,046
037 _cTextual
040 _aARTS
_cARTS
_beng
041 _2eng
_aeng
082 _aY, M1
100 _aAurobindo
_925303
245 0 _aSocial and political evolution of man
260 _aPondicherry
_bWorld Union International India
_c1981
300 _a116p.
_ccm.
700 _a Basu Samar
_9153423
942 _hY, M1
_cTEXL
_2CC
999 _c289181
_d289181